Normal view MARC view
  • United States.

Entry Corporate Name

Number of records used in: 1

001 - CONTROL NUMBER

  • control field: 26430

003 - CONTROL NUMBER IDENTIFIER

  • control field: NUST

005 - DATE AND TIME OF LATEST TRANSACTION

  • control field: 20191203120943.0

008 - FIXED-LENGTH DATA ELEMENTS

  • fixed length control field: 191203|| aca||aabn | a|a d

040 ## - CATALOGING SOURCE

  • Original cataloging agency: NUST
  • Transcribing agency: NUST

110 ## - HEADING--CORPORATE NAME

  • Corporate name or jurisdiction name as entry element: United States.
  • Subordinate unit: Central Intelligence Agency

670 ## - SOURCE DATA FOUND

  • Source citation: Work cat.: (NUST): Bayandor, Darioush, 1939- 26428, Iran and the CIA :, 2010.
© 2023 Central Library, National University of Sciences and Technology. All Rights Reserved.